| 000 | 00668nam a2200205 a 4500 | ||
|---|---|---|---|
| 003 | SISC | ||
| 005 | 20170606132213.0 | ||
| 008 | 021111s19uu xx 00 eng d | ||
| 020 | _a9789719654193 | ||
| 050 |
_aHD 58.7 _b.Se487 2016 |
||
| 100 | _aSerrano, Angelica Ong Camilar. | ||
| 245 |
_aManagement of human behavior in an organization / _cAngelica Ong Camilar-Serrano, Marivic Francisco Flores. |
||
| 260 |
_aManila : _bUnlimited Books, _c2016. |
||
| 300 |
_aviii, 466 pages : _billustrations ; _c25 cm. |
||
| 500 | _aIncludes bibliographical references. | ||
| 650 | _aOrganizational behavior | ||
| 942 |
_cBK _2lcc _kLOC |
||
| 999 |
_c335207 _d335207 |
||